Φορτώνει......

PCR technology: Principles and applications for DNA amplification /

Λεπτομέρειες βιβλιογραφικής εγγραφής
Κύριος συγγραφέας: Erlich, Henry A,Ed
Μορφή: Printed Book
Έκδοση: Oxford : Oxford University Press , 1992.
Θέματα:
LEADER 00521cam a2200145ua 4500
020 |a 0-19-509875-7 
082 1 4 |a 572.86  |b PCR 
100 1 |a Erlich, Henry A,Ed . 
245 0 0 |a PCR technology: Principles and applications for DNA amplification /  
260 |a Oxford :   |b Oxford University Press ,   |c 1992. 
300 |a xxi,876p ;  
650 0 |a PCR Technology 
942 |c BK 
999 |c 31496  |d 31496 
952 |0 0  |1 0  |4 0  |6 572_860000000000000_ERL_P  |7 0  |9 40351  |a KU  |b KU  |d 2015-07-05  |l 4  |o 572.86 ERL/P  |p LS00949  |r 2018-02-05  |s 2018-01-09  |w 2015-07-05  |y BK